000 00302nam a22001337a 4500
008 181024b xxu||||| |||| 00| 0 eng d
020 _a2740353263759
041 _aeng
080 _26 ed
_a070
100 _a27
101 _aMED
245 _aOrganization Communication
_cMIller.k
942 _2udc
_cBK
999 _c50864
_d50864